000 00472nam a22001457a 4500
005 20251108174953.0
008 250721s2010 xx 000 0 ara d
082 1 4 _aم/388.319565/معه
245 1 0 _aالمعهد المروري الأردني الكتاب السنوي الثالث عشر 2009م /
264 1 _aعمان :
_bمطابع الأمن العام،
_c2010.
300 _a92 ص.
650 1 7 _aلوائح المرور
942 _2ddc
_cREF
999 _c122832
_d122832